000 01222nam a2200325Ia 4500
001 Z_6934
003 CHAP
005 20230227151544.0
008 220113s2016 xx 000 0 und d
010 _a168965
040 _cCHAP
090 _aTesis L677 2538
100 _aLópez Villalobos, José Alfredo
_9132097
245 _aPublicaciones sobre mejoramiento genético animal en México en revistas científicas de otros países /
_cJosé Alfredo López Villalobos
260 _aMéxico :
_bEl autor,
_c2016
300 _a38 p.
502 _aTesis (Ingeniero Agrónomo Especialista en Zootecnia) -- UACh, 2016 \ Dirección: Rodolfo Ramírez Valverde; asesoría: Rufino López Ordaz y José Guadalupe García Muñiz
650 _aArtículo científico
_9143288
650 _aCiencia animal
_9143289
650 _aInvestigación en México
_9143290
700 _a García Muñiz, José Guadalupe, asesor
_9143266
700 _a López Ordaz, Rufino, asesor
_9143291
700 _aRamírez Valverde, Rodolfo, director
_9143292
856 4 2 _uhttp://10.13.5.2/tesis/sist113149.pdf
_yDescargar PDF
901 _aTESIS L677 2538
902 _aM
910 _a2016
942 _c2
_2ddc
942 _c2
_2ddc
999 _c168965
_d168965